000 nam a22 a 4500
999 _c167170
_d167170
003 BLK
005 20221012144245.0
008 180411b bul|||||r ||||||| ||bul||
010 _aKNG00174961000
040 _aBLK
041 _aBUL
_cBUL
080 _aАнтропогенезис. Произход на човека. Вж и 575.8
_b572.1/.4
_z572.1/.4
100 1 _aЕйделман, Натан Яковлевич
_eпърви автор
_966796
139 _aЕйделман, Натан Яковлевич
_bЕ 39
245 1 0 _aТърся предците си
_bНауч. - попул. очерк
_cНатан Яковлевич Ейделман; прев. от рус. Николай Цанков.
257 _aSUN
260 _aСофия
_bНар. просв.
_c1974
_fВ. Търново : Д. Найденов
300 _a231 с.
_bс ил.
_c20 см
380 _a5
490 _aБиблиотека Еврика
_9202945
500 _aОриг. загл. Ищу предка
650 4 _aЧовек - произход и еволюция
_9251506
653 _aпроизход на човека
700 1 _aЦанков, Николай
_eпрев. от рус.
_9373710
852 _aЦб 79989
_bЦб
856 4 _qpdf
_i0.00
_ldisable
856 4 _qpdf
_i0.00
_ldisable
942 _cKNG
_n0
_s1
944 _aCR
_c08.05.2015
_kТеодора_Стоянова
944 _aED
_c2022-10-12
_kир
999 _d167170